| 000 -ლიდერი |
| ფიქსირებული სიგრძის საკონტროლო ველი |
00990nam a2200241Ia 4500 |
| 001 - საკონტროლო ნომერი |
| საკონტროლო ველი |
6422 |
| 003 - საკონტროლო ნომრის იდენტიფიკატორი |
| საკონტროლო ველი |
GE_BSU |
| 005 - ბოლო ოპერაციის თარიღი და დრო |
| საკონტროლო ველი |
20191115113434.0 |
| 008 - ფიქსირებული სიგრძის მონაცემთა ელემენტები - ზოგადი ინფორმაცია |
| ფიქსირებული სიგრძის საკონტროლო ველი |
181216s2012||||ge |||||||||||||| ||geo|| |
| 040 ## - კატალოგიზაციის წყარო |
| Transcribing agency |
GE_BSU |
| 041 ## - ენის კოდი |
| Language code of text/sound track or separate title |
geo |
| 080 ## - უნივერსალური ათობითი კლასიფიკაციის ინდექსი |
| Universal Decimal Classification number |
339 ე-91 |
| 245 ## - ცნობა სათაურის შესახებ |
| Title |
ექსპორტ-იმპორტი : |
| Remainder of title |
გზამკვლევი / |
| Statement of responsibility, etc |
ტექსტზე მუშ. ლ. კომახიძე, გ. ღაღანიძე და სხვ. |
| 264 ## - წარმოების, გამოცემის, დისტრიბუციის და სხვა ცნობები |
| გამოცემის, წარმოების, დისტრიბუციის... ადგილი |
ბათუმი, |
| გამოცემის, წარმოების, დისტრიბუციის... თარიღი |
2011-2012. |
| 300 ## - ფიზიკური აღწერა |
| Extent |
84 გვ. : |
| Other physical details |
ილ.; |
| Dimensions |
21 სმ. |
| 490 ## - სერიის ცნობა |
| Series statement |
ვაჭრობის ხელშეწყობის ცენტრი |
| 653 ## - INDEX TERM--UNCONTROLLED |
| Uncontrolled term |
ეკონომიკა |
| 653 ## - INDEX TERM--UNCONTROLLED |
| Uncontrolled term |
ვაჭრობა |
| 653 ## - INDEX TERM--UNCONTROLLED |
| Uncontrolled term |
გზამკვლევი |
| 700 ## - ADDED ENTRY--PERSONAL NAME |
| Personal name |
კომახიძე, ლ. |
| Relator term |
ტექსტის ავტ. |
| 9 (RLIN) |
5355 |
| 700 ## - ADDED ENTRY--PERSONAL NAME |
| Personal name |
ღაღანიძე, გ. და სხვ. |
| Relator term |
ტექსტის ავტ. |
| 9 (RLIN) |
5356 |
| 942 ## - ADDED ENTRY ELEMENTS (KOHA) |
| Koha item type |
წიგნი |
| Source of classification or shelving scheme |
|